00318pab a2200121 454500008004000000100002000040245004700060260000900107300001400116362000800130650002300138773003500161180718b2000 xxu||||| |||| 00| 0 eng d aScott, Allen J. aEconomic geography: the great half century c2000 ap.483-504 aJul aEconomic geography aCambridge Journal of Economics